逃走中の場所 - Statistics

General Stats
  • This quiz has been taken 73 times
  • The average score is 24 of 68
Answer Stats
年月日 タイトル 都道府県 場所 % Correct
2023/12/31 お台場リベンジャーズ 東京都 お台場
81%
2022/12/31 大みそかSP お台場大決戦! 東京都 お台場
81%
2021/09/05 逃走中×ONE PIECE 100巻記念コラボSP 東京都 お台場
81%
2020/08/30 真夏のハンターランド 東京都 お台場
81%
2017/08/06 ワンピースコラボSP 海賊ルフィと恐怖のハンター 東京都 お台場
81%
2015/07/19 めちゃ×2本気で逃げてるッ! 東京都 お台場
81%
東京都 お台場
81%
2006/09/28 (なし) 東京都 お台場
81%
2024/04/07 ハンターと浅草の相棒 東京都 浅草
67%
2008/10/02 (なし) 東京都 浅草
67%
2021/04/04 ちびまる子ちゃんコラボSP まる子大捜索指令 山梨県 富士急ハイランド
64%
2010/08/28 呪われた遊園地 山梨県 富士急ハイランド
64%
2023/09/10 ハンターと強欲の王 神奈川県 横浜中華街
59%
2018/01/06 ドラゴンボール超コラボSP 横浜中華街大決戦! 神奈川県 横浜中華街
59%
2009/01/04 (なし) 神奈川県 横浜中華街
59%
2022/11/15 BATTLE ROYAL 長崎県 ハウステンボス
55%
2011/07/05 白雪姫と野獣王子 長崎県 ハウステンボス
55%
2010/03/24 王国の走り人 長崎県 ハウステンボス
55%
2008/04/07 (なし) 長崎県 ハウステンボス
55%
2008/01/01 (なし) 東京都 渋谷
55%
2004/12/28 (なし) 東京都 渋谷
55%
2004/10/03 (なし) 東京都 渋谷
55%
2004/10/03 東京・渋谷 東京都 渋谷
55%
栃木県 日光江戸村
47%
2012/01/08 大江戸シンデレラ 栃木県 日光江戸村
47%
2009/11/03 (なし) 栃木県 日光江戸村
47%
2006/04/02 (なし) 栃木県 日光江戸村
47%
2009/07/02 (なし) 東京都 上野
45%
2018/09/02 上野アメ横妖怪伝説 東京都 上野アメ横
36%
2023/04/09 逃走中×逃走中 グレートコラボSP 神奈川県 八景島シーパラダイス
33%
2020/10/11 ハンターと鋼鉄の魔神 神奈川県 八景島シーパラダイス
33%
2016/10/09 どうぶつ島を攻略せよ 神奈川県 八景島シーパラダイス
33%
2021/01/02 ハンター迎撃作戦 東京都 よみうりランド
31%
2011/03/06 大統領暗殺計画 東京都 よみうりランド
31%
2009/09/26 (なし) 大阪府 ユニバーサルスタジオジャパン
31%
2024/12/31 ハンターと18人の金メダリスト 千葉県 イオンモール幕張新都心
30%
2023/07/23 逃走中 FNS27時間TVコラボSP 千葉県 イオンモール幕張新都心
30%
2013/01/07 逃走中~アルティメット~ 東京都 東京競馬場
28%
2012/08/28 沈黙の巨大迷宮2 埼玉県 越谷レイクタウン
27%
2011/12/20 沈黙の巨大迷宮 埼玉県 越谷レイクタウン
27%
2009/04/02 (なし) 東京都 池袋
27%
2022/08/28 上陸!猛獣の島 静岡県 初島
19%
2022/01/01 美女とハンターと野獣 埼玉県 イオンレイクタウン
17%
2021/05/05 こどもの日4時間SP 新ゲームを攻略せよ! 神奈川県 川崎競馬場
13%
2020/01/05 ONE TEAM VS 新型ハンター 東京都 ららぽーと豊洲
13%
2015/11/29 大江戸ヒーローズ 偉人達と駆け抜けろ 千葉県 房総のむら
13%
2014/07/06 白雪姫と七人の侍 千葉県 房総のむら
13%
2012/10/07 禁断の恋と財宝村~ロミオとジュリエ~ 千葉県 房総のむら
13%
2011/10/09 狙われたハンター 千葉県 房総のむら
13%
2010/10/10 信長と忍者の里 千葉県 房総のむら
13%
2010/11/23 激動明治の大事変 愛知県 博物館明治村
11%
2022/03/20 ハンターと偽ハンター 静岡県 御殿場プレミアムアウトレット
9%
2014/01/05 奥様はかぐや姫 岩手県 えさし藤原の郷
9%
2012/07/03 新桃太郎伝説・鬼ヶ島を奪還せよ 岩手県 えさし藤原の郷
9%
2010/06/27 日本昔話 岩手県 えさし藤原の郷
9%
2024/07/21 逃走中 FNS27時間テレビSP 山梨県 日本航空高等学校
8%
2019/01/05 ハンターと進撃の恐竜 東京都 大正大学
8%
2015/03/15 誘惑の扉 沖縄県 美浜タウンリゾート
8%
2014/04/06 ハンター消滅 沖縄県 美浜タウンリゾート
8%
2012/04/08 ラストミッション 沖縄県 美浜タウンリゾート
8%
2011/04/10 エピソード1 ハンター誕生 沖縄県 美浜タウンリゾート
8%
2008/04/22 (なし) 東京都 有明コロシアム
8%
2013/04/14 新浦島太郎物語~玉手箱と乙姫の罠~ 沖縄県 浜比嘉島
6%
2014/09/28 時空を超える決戦 茨城県 iiasつくば
6%
2019/11/23 逃走中15周年記念!50周年のサザエさんとコラボSP 東京都 スカイツリータウン
5%
2011/01/16 卑弥呼伝説 佐賀県 吉野ヶ里歴史公園
3%
2013/09/29 最後のサムライ 北海道 開拓の村
2%
2010/05/18 (なし) 沖縄県 那覇国際通り
2%
No matching quizzes found
Score Distribution
Percent of People with Each Score
Percentile by Number Answered
Your Score History
You have not taken this quiz